ბათუმის შოთა რუსთაველის სახელმწიფო უნივერსიტეტის ბიბლიოთეკა

რიტუალის ფენომენი ბერძნულ ხალხურ სიმღერებში = The phenomenon of ritual in greek folk songs / (ბიბ.ჩანაწერი № 54999)

000 -ლიდერი
ფიქსირებული სიგრძის საკონტროლო ველი 02392nam a2200337Ia 4500
001 - საკონტროლო ნომერი
საკონტროლო ველი 22070
003 - საკონტროლო ნომრის იდენტიფიკატორი
საკონტროლო ველი GE_BSU
005 - ბოლო ოპერაციის თარიღი და დრო
საკონტროლო ველი 20221012155415.0
008 - ფიქსირებული სიგრძის მონაცემთა ელემენტები - ზოგადი ინფორმაცია
ფიქსირებული სიგრძის საკონტროლო ველი 181216s2012||||ge |||||||||||||| ||geo||
020 ## - წიგნის საერთაშორისო სტანდარტული ნომერი
International Standard Book Number 9789941437267
040 ## - კატალოგიზაციის წყარო
Transcribing agency GE_BSU
041 ## - ენის კოდი
Language code of text/sound track or separate title geo
080 ## - უნივერსალური ათობითი კლასიფიკაციის ინდექსი
Universal Decimal Classification number 398.8(495):821.14'1.09-1 ა-20
100 ## - მთავარი ჩანაწერი - პიროვნების სახელი
Personal name აბულაშვილი, მედეა
9 (RLIN) 13967
245 ## - ცნობა სათაურის შესახებ
Title რიტუალის ფენომენი ბერძნულ ხალხურ სიმღერებში = The phenomenon of ritual in greek folk songs /
Statement of responsibility, etc მედეა აბულაშვილი ; რედ. ნანა ტონია.
264 ## - წარმოების, გამოცემის, დისტრიბუციის და სხვა ცნობები
გამოცემის, წარმოების, დისტრიბუციის... ადგილი თბილისი :
გამოცემის, წარმოების, დისტრიბუციის... სახელწოდება ლოგოსი,
გამოცემის, წარმოების, დისტრიბუციის... თარიღი 2012.
300 ## - ფიზიკური აღწერა
Extent 190 გვ. ;
Dimensions 20 სმ.
490 ## - სერიის ცნობა
Series statement პროგრამა "ლოგოსი" პუბლიკაციები და ღონისძიებები კლასიკური ფილოლოგიის, ბიზანტინისტიკისა და ნეოგრეცისტიკის სფეროში
500 ## - ზოგადი შენიშვნა
General note თავფურცელი აგრეთვე ბერძნულ ენაზე
504 ## - BIBLIOGRAPHY, ETC. NOTE
Bibliography, etc ბიბლიოგრაფია ტექსტის შენიშვნებში
653 ## - INDEX TERM--UNCONTROLLED
Uncontrolled term ბერძნული ლიტერატურა
653 ## - INDEX TERM--UNCONTROLLED
Uncontrolled term ბერძნული ხალხური სიმღერები
653 ## - INDEX TERM--UNCONTROLLED
Uncontrolled term ბერძნული რიტუალები
653 ## - INDEX TERM--UNCONTROLLED
Uncontrolled term ბერძნული ხალხური პოემის ისტორია და კრიტიკა
653 ## - INDEX TERM--UNCONTROLLED
Uncontrolled term პოპულარული ტრადიციები
653 ## - INDEX TERM--UNCONTROLLED
Uncontrolled term რიტუალის ფენომენი ბერძნულ ხალხურ სიმღერებში = The phenomenon of ritual in greek folk songs
700 ## - ADDED ENTRY--PERSONAL NAME
Personal name ტონია, ნანა
Relator term რედაქტორი
9 (RLIN) 15301
710 ## - ADDED ENTRY--CORPORATE NAME
Corporate name or jurisdiction name as entry element ივანე ჯავახიშვილის სახელმწიფო უნივერსიტეტი
Subordinate unit კლასიკური ფილოლოგიის, ბიზანტინისტიკისა და ნეოგრეცისტიკის ინსტიტუტი.
9 (RLIN) 15302
942 ## - ADDED ENTRY ELEMENTS (KOHA)
Koha item type წიგნი
Source of classification or shelving scheme
ეგზემპლარები
ჩამოწერის სტატუსი დაკარგული ეგზემპლარის სტატუსი კლასიფიკაციის წყარო ან თაროზე გაწყობის სქემა დაზიანების სტატუსი არ გაიცემა მუდმივი მდებარეობა (დაცვის ადგილი) ამჟამინდელი ადგილსამყოფელი თაროზე განთავსების ადგილი შეძენის თარიღი ღირებულება, შესყიდვის ნორმალური ფასი სრული შენახვის შიფრი შტრიხკოდი ბოლო ოპერაციის თარიღი ეგზემპლარის მიმდევრობითი ნომერი (კეტერი?) ფასის ძალაში შესვლის თარიღი ეგზემპლარის სახეობა საჯარო შენიშვნა
          ბათუმის შოთა რუსთაველის სახელმწიფო უნივერსიტეტის მთავარი ბიბლიოთეკა ბათუმის შოთა რუსთაველის სახელმწიფო უნივერსიტეტის მთავარი ბიბლიოთეკა წიგნსაცავი 2018-12-17 5.20 398.8(495):821.14'1.09-1 ა-20 56899 2018-12-17 56899 2018-12-17 წიგნი 5.20 ₾.
          ბათუმის შოთა რუსთაველის სახელმწიფო უნივერსიტეტის მთავარი ბიბლიოთეკა ბათუმის შოთა რუსთაველის სახელმწიფო უნივერსიტეტის მთავარი ბიბლიოთეკა წიგნსაცავი 2018-12-17 5.20 398.8(495):821.14'1.09-1 ა-20 56900 2018-12-17 56900 2018-12-17 წიგნი 5.20 ₾.